000 00244nam a22001217a 4500
041 _aENG
100 _aAsanare .J .J
245 _aTesting Of Materials
260 _aDelhi
_bNirali Prakasan
_c1997
300 _a39
650 _aFS
856 _uFS
999 _c841
_d841